Ambiente jurd̕ico

Detalles Bibliográficos
Formato: Desconocido
Publicado: Manizales : Universidad
Materias:
Acceso en línea:Acceso restringido

MARC

LEADER 00000ny a22000003n 4500
005 20110517124222.0
008 100909s2010 ck 000 0 esp d
022 |a 0123-9465  
035 |a 5003 
040 |a BUS   |d vLex 
090 |c 2017  |d 2017 
245 0 0 |a Ambiente jurd̕ico  |h [Recurso electrn̤ico] 
256 |a Servicio en ln̕ea 
260 |a Manizales :  |b Universidad  
310 |a Anual  
506 1 |a Contenido solo disponible en los productos indicados  |d vLex Global  |d vLex Global (Academic Edition, excluding Law Schools)  |d vLex Global (U.S. Academic Edition, Law Schools)  |d vLex Global (U.S. Academic Edition, excluding Law Schools)  |d vLex Global (Academic Edition, Law Schools) 
650 0 4 |a Derecho  |z Colombia  |x Publicaciones perid̤icas  
740 0 |a vLex Revista (Servicios en ln̕ea) 
843 |a Electrn̤ica. Abierta 
853 |8 1  |i (year)  |j (month)  |k (day) 
856 4 0 |u http://vlex.com/source/5003  |z Acceso restringido 
942 |c REV